书目信息 |
| 题名: |
双面男人
|
|
| 作者: | 朱凌 著 | |
| 分册: | ||
| 出版信息: | 广州 花城出版社 2002.04 |
|
| 页数: | 282页 | |
| 开本: | 21cm | |
| 丛书名: | ||
| 单 册: | ||
| 中图分类: | I247.57 | |
| 科图分类: | ||
| 主题词: | 长篇小说--chang pian xiao shuo--中国--当代 | |
| 电子资源: | ||
| ISBN: | 7-5360-3789-9 | |
| 000 | 00742nam0 2200229 450 | |
| 001 | 012008776733 | |
| 005 | 20080322145734.67 | |
| 010 | @a7-5360-3789-9@dCNY22.80 | |
| 100 | @a20080322d2002 km y0chiy0120 ea | |
| 101 | 0 | @achi |
| 102 | @aCN@b440000 | |
| 105 | @ay z 000ay | |
| 106 | @ar | |
| 200 | 1 | @a双面男人@Ashuang mian nan ren@f朱凌著@Fzhu ling zhu |
| 210 | @a广州@c花城出版社@d2002.04 | |
| 215 | @a282页@d21cm | |
| 330 | @a本书为当代作者一部长篇小说。一名双重性格的男人闯荡深圳特区,由于野心勃勃、不择手段牟利,演绎出一个个曲折离奇的故事。 | |
| 606 | 0 | @a长篇小说@Achang pian xiao shuo@y中国@z当代 |
| 690 | @aI247.57@v4 | |
| 701 | 0 | @a朱凌@Azhu ling@4著 |
| 801 | 0 | @aCN@bQSSK@c20080322 |
| 905 | @b20290247-50@dI247.57@eZ852@f4 | |
| 双面男人/朱凌著.-广州:花城出版社,2002.04 |
| 282页;21cm |
| ISBN 7-5360-3789-9:CNY22.80 |
| 本书为当代作者一部长篇小说。一名双重性格的男人闯荡深圳特区,由于野心勃勃、不择手段牟利,演绎出一个个曲折离奇的故事。 |
| ● |
| 相关链接 |
|
|
|
正题名:双面男人
索取号:I247.57/Z852
 
预约/预借
| 序号 | 登录号 | 条形码 | 馆藏地/架位号 | 状态 | 备注 |
| 1 | 290247 | 202902476 | 自科二线404/108文学库 55排4列1层/ [索取号:I247.57/Z852] | 在馆 | |
| 2 | 290248 | 202902485 | 文学库108/108文学库 55排4列3层/ [索取号:I247.57/Z852] | 在馆 | |
| 3 | 290249 | 202902494 | 自科二线404/108文学库 55排4列1层/ [索取号:I247.57/Z852] | 在馆 | |
| 4 | 290250 | 202902500 | 文学库108/108文学库 55排4列3层/ [索取号:I247.57/Z852] | 在馆 |